00514nam a2200193Ia 450000500170000000800410001702000160005804000190007404100120009308200130010510000160011824500450013425000330017926000390021230000170025165000260026870000160029485000100031020231212103129.0131103s9999 xx 000 0 und d a034037876 X aLoreto College aEnglish a428bARN aArnold,John aFocus, b cJohn Arnold and Roger Scott astudent's practice book one  aLondonbHodder and Stoughtonc1986 a96 p.b ill. aCommunicative English aScott,Roger aLCLIB